| 000 | 00358nam a2200145Ia 4500 | ||
|---|---|---|---|
| 008 | 150201s1999 xx 000 0 und d | ||
| 082 |
_a610 _bM99J |
||
| 100 | _aJAIN, PEEYUSH | ||
| 245 | _aMANUAL OF PRACTICAL MEDICINE | ||
| 250 | _a1ST | ||
| 260 |
_bJAYPEE BROTHERS _aDELHI _c1999 |
||
| 300 | _a1-318 | ||
| 650 | _aMEDICINE AND DIAGNOSIS | ||
| 942 |
_2ddc _cBK _01 |
||
| 999 |
_c194 _d194 |
||